000 01053nam a22001935i 4500
001 157139
003 ES-MaACL
005 20250824063055.0
008 020304s1876 sp |||| | spa d
040 _aCAM
_bspa
_cCAM
100 1 _aLarra y Wetoret, Luis Mariano de,
_d1830-1901
_970289
245 1 0 _aTres piés al gato...
_b: comedia en tres actos y en verso /
_coriginal de Luis Mariano de Larra.
260 _aMadrid :
_b[s.n.],
_c1876 (
_fImprenta de José Rodríguez)
300 _a84 p. ;
_c19 cm.
500 _aEn port.: Representada por primera vez en el Teatro de la Comedia el dia 4 de marzo de 1876.
596 _aAl v. de port. consta : "... Galería Lírico-Dramática titulada El Teatro, de Alonso Gullon..."
852 _aES-MaACL
_jF-8610(11)
_z-- Enc. pasta española
_z-- Dedicatoria ms. del autor a Manuel G. Aparicio
_q-- Falto de la cub. original
_z--Enc. en un vol. facticio formando parte de la col. facticia "Teatro español moderno", vol. 65
_z.- Firma ms. de Gustavo Saenz Diez, 1877
999 _c157139
_d157139